MARC

LEADER 00000nam0a2200000 4500
001 238692
005 20231101231627.0
035 |a (RuTPU)RU\TPU\book\259889 
090 |a 238692 
100 |a 20130530d1977 m y0rusy50 ca 
101 0 |a rus 
102 |a RU 
105 |a c a 001zb 
200 1 |a Александр Павлович Виноградов (1895-1975)  |f под ред. А. Н. Несмеяновой, Т. И. Фроловой 
205 |a 2-е изд., доп. 
210 |a Москва  |c Наука  |d 1977 
215 |a 143 с.  |c портр. 
225 1 |a Материалы к биобиблиографии ученых СССР 
225 1 |a Серия химических наук  |v вып. 59 
320 |a Литература: с. 37-44. 
320 |a Хронологический указатель трудов: 45-102. 
320 |a Именной указатель: с. 103-104. 
320 |a Алфавитный указатель: с. 105-133. 
600 1 |a Виноградов  |b А. П.  |c российский геохимик  |c академик АН СССР  |f 1895-1975  |g Александр Павлович  |2 stltpush  |3 (RuTPU)RU\TPU\pers\12020  |9 3109 
606 1 |a Геохимия  |2 stltpush  |3 (RuTPU)RU\TPU\subj\6296  |9 34219 
606 1 |a Библиографические пособия  |x По геологии  |2 stltpush  |3 (RuTPU)RU\TPU\subj\28563  |9 52081 
610 1 |a библиографические указатели 
610 1 |a персоналии 
610 1 |a ученые 
610 1 |a труды 
610 1 |a наука 
610 1 |a научная деятельность 
610 1 |a педагогическая деятельность 
610 1 |a общественная деятельность 
675 |a 550.4(092)(01)  |v 3 
686 |a Я19:55  |v LBC/SL-A  |2 rubbk 
702 1 |a Несмеянова  |b А. Н.  |4 340 
702 1 |a Фролова  |b Т. И.  |4 340 
801 1 |a RU  |b 63413507  |c 20130530 
801 2 |a RU  |b 63413507  |c 20150918  |g RCR 
942 |c BK